00373nam a22001577a 4500003000400000008004100004020001800045082001400063100002100077245003000098250001200128260003900140300000900179650001100188700001600199OSt230302b ||||| |||| 00| 0 eng d a9789389713695 a658.3 GUH aGUPTA, Shashi K. aHuman Resource Management aReprint aLudhianabKalyani Publishersc2022 aMISC aB.Com. aJOSHI, Rosy